000 00394nam a22001577a 4500
008 220705b ||||| |||| 00| 0 eng d
020 _a9788183772723
082 _a820
_bPRT
100 _aPrasad H.O.
245 _a21st Century English Biography
_b
_cBy H.O. Prasad
260 _aNew Delhi
_bMahaveer & Sons
_c2019
300 _a296p.
650 _aENGLISH
942 _cBK
999 _c45079
_d45079
041 _aeng